<?xml version="1.0" encoding="UTF-8"?>
<record
    xmlns:xsi="http://www.w3.org/2001/XMLSchema-instance"
    xsi:schemaLocation="http://www.loc.gov/MARC21/slim http://www.loc.gov/standards/marcxml/schema/MARC21slim.xsd"
    xmlns="http://www.loc.gov/MARC21/slim">

  <leader>01286nam a2200205 a 4500</leader>
  <controlfield tag="008">161215e2002    ag  |||g |||| 00| 1 spa d</controlfield>
  <datafield tag="020" ind1=" " ind2=" ">
    <subfield code="a">9879501179</subfield>
  </datafield>
  <datafield tag="041" ind1=" " ind2=" ">
    <subfield code="a">spa</subfield>
  </datafield>
  <datafield tag="092" ind1=" " ind2=" ">
    <subfield code="c">808.5</subfield>
    <subfield code="l">33</subfield>
    <subfield code="s">HER</subfield>
  </datafield>
  <datafield tag="100" ind1="1" ind2=" ">
    <subfield code="a">Herrera, Carlos</subfield>
    <subfield code="9">3217</subfield>
  </datafield>
  <datafield tag="245" ind1=" " ind2=" ">
    <subfield code="a">Ocurri&#xF3; en Cupajo /</subfield>
    <subfield code="c">Carlos Herrera</subfield>
  </datafield>
  <datafield tag="250" ind1=" " ind2=" ">
    <subfield code="a">1a ed.</subfield>
    <subfield code="b">Ilustracion Dini Calderon</subfield>
  </datafield>
  <datafield tag="260" ind1=" " ind2=" ">
    <subfield code="a">Santa Rosa [La Pampa-ARG]:</subfield>
    <subfield code="b">Pitangua;</subfield>
    <subfield code="c">2002.</subfield>
  </datafield>
  <datafield tag="300" ind1=" " ind2=" ">
    <subfield code="a">230 p.</subfield>
    <subfield code="c">il.</subfield>
  </datafield>
  <datafield tag="500" ind1=" " ind2=" ">
    <subfield code="a">Herrera, C. (2002). Ocurri&#xF3; en Cupajo. (1a ed.). La Pampa : Pitangua.</subfield>
  </datafield>
  <datafield tag="505" ind1=" " ind2=" ">
    <subfield code="a">Ocurri&#xF3; en Cupajo, es una sucesi&#xF3;n de cuentos que constituyen una saga, ya que comparten con este g&#xE9;nero su car&#xE1;cter m&#xED;tico, su vecindad con el relato oral, una &#xE9;pica (aqu&#xED; te&#xF1;ida de humor), una frecuente inserci&#xF3;n en lo coloquial, un n&#xFA;cleo de personajes que se reiteran, y una hilaci&#xF3;n cronol&#xF3;gica que es aconsejable seguir. Cupajo es un pueblo cabalmente ficcional, cuyo lugar en el mundo es grosso modo el oeste catamarque&#xF1;o, regi&#xF3;n de antiguas poblaciones, las que por historia y aislamiento de todo centro urbano, conservaban una idiosincrasia asaz antigua, al menos para la &#xE9;poca en las que estas narraciones se sit&#xFA;an. </subfield>
  </datafield>
  <datafield tag="590" ind1=" " ind2=" ">
    <subfield code="a">Proyecto 4to libro. Donaci&#xF3;n Antonella Della Gaspera</subfield>
  </datafield>
  <datafield tag="655" ind1=" " ind2=" ">
    <subfield code="a">Cuentos</subfield>
    <subfield code="9">2945</subfield>
  </datafield>
  <datafield tag="942" ind1=" " ind2=" ">
    <subfield code="2">ddc</subfield>
    <subfield code="c">LIT</subfield>
  </datafield>
  <datafield tag="999" ind1=" " ind2=" ">
    <subfield code="c">2396</subfield>
    <subfield code="d">2396</subfield>
  </datafield>
  <datafield tag="952" ind1=" " ind2=" ">
    <subfield code="0">0</subfield>
    <subfield code="1">0</subfield>
    <subfield code="2">ddc</subfield>
    <subfield code="4">0</subfield>
    <subfield code="7">0</subfield>
    <subfield code="8">FIC</subfield>
    <subfield code="a">BFM</subfield>
    <subfield code="b">BFM</subfield>
    <subfield code="c">CR</subfield>
    <subfield code="d">2017-03-06</subfield>
    <subfield code="e">Donacion Antonella Della Gaspera. Marzo 2017</subfield>
    <subfield code="l">0</subfield>
    <subfield code="o">808.5 33 HER</subfield>
    <subfield code="p">3841</subfield>
    <subfield code="r">2017-03-06</subfield>
    <subfield code="t">Ej.1</subfield>
    <subfield code="w">2017-03-06</subfield>
    <subfield code="y">LIT</subfield>
    <subfield code="z">Proyecto 4to libro. Donaci&#xF3;n Della Gaspera, Antonella</subfield>
  </datafield>
</record>
